MARC details
| 000 -LEADER |
| fixed length control field |
01265nam a2200241 a 4500 |
| 008 - FIXED-LENGTH DATA ELEMENTS--GENERAL INFORMATION |
| fixed length control field |
170321s2014 ||||||||||||||||| || u |
| 010 ## - LIBRARY OF CONGRESS CONTROL NUMBER |
| LC control number |
2015301849 |
| 020 ## - INTERNATIONAL STANDARD BOOK NUMBER |
| International Standard Book Number |
9781455770083 (pbk.) |
| 050 ## - LIBRARY OF CONGRESS CALL NUMBER |
| Classification number |
QM 31 Han |
| 100 ## - MAIN ENTRY--PERSONAL NAME |
| Personal name |
Hansen, John T |
| 245 10 - TITLE STATEMENT |
| Title |
Netter's clinical anatomy. (3rd ed.) |
| Statement of responsibility, etc. |
John T. Hansen, PhD, Professor of Neurobiology and Anatomy, Associate Dean for Admissions, University of Rochester School of Medicine and Dentistry, Rochester, New York ; illustrations by Frank H. Netter, MD ; contributing illustrators, Carlos A.G. Machado, MD, John A. Craig, MD, James A. Perkins, MS, MFA. |
| Medium |
[unmediated] |
| 246 ## - |
| -- |
Clinical anatomy |
| 250 ## - EDITION STATEMENT |
| Edition statement |
3rd edition. |
| 260 ## - PUBLICATION, DISTRIBUTION, ETC. |
| Place of publication, distribution, etc. |
Philadelphia: |
| Name of publisher, distributor, etc. |
Elsevier Saunders |
| Date of publication, distribution, etc. |
2014 |
| 300 ## - PHYSICAL DESCRIPTION |
| Extent |
xxii, 546 pages : illustrations (chiefly color) ; 27 cm |
| 350 ## - |
| -- |
62.95 |
| 500 ## - GENERAL NOTE |
| General note |
Includes index. |
| 505 ## - |
| -- |
Introduction to the human body -- Back -- Thorax -- Abdomen -- Pelvis and perineum -- Lower limb -- Upper limb -- Head and neck. |
| 650 ## - SUBJECT ADDED ENTRY--TOPICAL TERM |
| Topical term or geographic name entry element |
HUMAN ANATOMY--ATLASES |
| 700 ## - ADDED ENTRY--PERSONAL NAME |
| Personal name |
Netter, Frank H |
| 995 ## - |
| -- |
MEDICAL LIBRARY OPEN ACCESS |
| -- |
903726 |
| -- |
CBU-SCHOOL OF MEDICINE LIBRARY (Ndola) |
| -- |
62.95 |
| -- |
QM 31 Han |
| -- |
1 |
| -- |
OUT |
| -- |
Mar 21, 2017 |
| -- |
903726 |
| -- |
Medical Library Open Access Collection |
| 999 ## - |
| -- |
32150 |
| -- |
32150 |